| 000 | 00795nam a2200241Ia 4500 | ||
|---|---|---|---|
| 003 | OSt | ||
| 005 | 20220916110913.0 | ||
| 006 | a|||||r|||| 00| 0 | ||
| 007 | ta | ||
| 008 | 220915b |||||||| |||| 00| 0 hin d | ||
| 024 | _a196887 | ||
| 037 | _cTextbook | ||
| 040 |
_bhin _aARTS _cARTS |
||
| 041 | _ahin | ||
| 082 | _aw2,N1, 152M1 | ||
| 100 | _aओझा, दशरथ; उपाध्याय, अनिल कुमार | ||
| 245 | 0 | _aमहामानव | |
| 246 | _aMahāmānava | ||
| 260 |
_aदिल्ली _bसमाज शिक्षा प्रकाशन _c1981 |
||
| 300 |
_a157पृ0 _ccm. |
||
| 942 |
_hw2,N1, 152M1 _cTB _2CC |
||
| 999 |
_c100906 _d100906 |
||